La pobre viejecita / (Registro nro. 30440)
[ vista simple ]
| 000 -LEADER | |
|---|---|
| fixed length control field | 00252nam a22000977a 4500 |
| 008 - FIXED-LENGTH DATA ELEMENTS--GENERAL INFORMATION | |
| fixed length control field | 231128b |||||||| |||| 00| 0 eng d |
| 082 ## - DEWEY DECIMAL CLASSIFICATION NUMBER | |
| Classification number | C / |
| Item number | POMP |
| 100 ## - MAIN ENTRY--PERSONAL NAME | |
| Personal name | Pombo, Rafael |
| Relator term | Autor |
| 9 (RLIN) | 493 |
| 245 ## - TITLE STATEMENT | |
| Title | La pobre viejecita / |
| Statement of responsibility, etc. | Rafael Pombo |
| 942 ## - ADDED ENTRY ELEMENTS (KOHA) | |
| Source of classification or shelving scheme | Dewey Decimal Classification |
| Withdrawn status | Lost status | Source of classification or shelving scheme | Damaged status | Not for loan | Collection code | Home library | Current library | Date acquired | Total Checkouts | Full call number | Barcode | Date last seen | Date last checked out | Copy number | Price effective from | Koha item type | Public note |
|---|---|---|---|---|---|---|---|---|---|---|---|---|---|---|---|---|---|
| Dewey Decimal Classification | Fiction | Biblioteca Pública José María del Castillo y Rada | Biblioteca Pública José María del Castillo y Rada | 11/28/2023 | 1 | C / POMP | 35714005494457 | 01/23/2024 | 01/23/2024 | Ej. 1 | 11/28/2023 | Books | Material interbibliotecario Bibliored |